Songs With “Baby” in the Title - Statistics

General Stats
  • This quiz has been taken 57 times
    33 since last reset
  • The average score is 8 of 22
Answer Stats
Year Song Musical Act % Correct
1998 ...Baby One More Time Britney Spears
97%
1990 Ice Ice Baby Vanilla Ice
83%
1992 Baby Got Back Sir Mix-A-Lot
63%
1995 Always Be My Baby Mariah Carey
53%
1964 Baby Love The Supremes
50%
1975 Baby, I Love Your Way Peter Frampton
47%
1963 Be My Baby The Ronettes
43%
1990 I'm Your Baby Tonight Whitney Houston
37%
2003 Baby Boy Beyoncé
33%
1999 Come On Over Baby (All I Want Is You) Christina Aguilera
33%
2013 Baby I Ariana Grande
30%
1975 Love to Love You Baby Donna Summer
30%
1988 Born to Be My Baby Bon Jovi
27%
1974 My Baby Left Me Elvis Presley
27%
1981 Give It to Me Baby Rick James
23%
1997 Anybody Seen My Baby The Rolling Stones
23%
1992 Baby-Baby-Baby TLC
23%
2010 Runaway Baby Bruno Mars
20%
1982 Baby Be Mine Michael Jackson
20%
1999 Can't Get Enough of You Baby Smash Mouth
20%
2001 Hey Baby No Doubt
17%
1969 Too Busy Thinking About My Baby Marvin Gaye
13%
No matching quizzes found
Score Distribution
Percent of People with Each Score
Percentile by Number Answered
Your Score History
You have not taken this quiz since the last reset